Statistics for Jetpunk Users With Most Featured Quizzes

Click here to take the quiz!

General Stats

  • This quiz has been taken 156 times
  • The average score is 3 of 25

Answer Stats

User% Correct
Quizmaster
91%
relessness
60%
Jerry928
22%
scambigol
21%
kalbahamut
19%
Quizzer6794
19%
punkfrancais
13%
Gamer1162
12%
kiwirage
12%
johnnyaitch
10%
KoljiVriVoda
9%
punkEspanol
9%
CBTemple
7%
Jiaozira
7%
ThirdParty
6%
buck1017
3%
dub
3%
sentenzzza
3%
alberici
2%
GamerandJerry
2%
katsudk
2%
MJDSPAIN
2%
scambiandJerry
2%
Sinarya
2%
totolulu
2%

Score Distribution

Percentile by Number Answered

Percent of People with Each Score

Your Score History

You have not taken this quiz